| 000 | 00720cab a2200241 4500 | ||
|---|---|---|---|
| 001 | ABS55920 | ||
| 008 | 090401t1996 xxu||||| |||| 00| 0 eng d | ||
| 035 | _a(Sirsi) u19813 | ||
| 041 | _aeng | ||
| 100 | _aAtkinson, J. | ||
| 245 | _aOut of the depths? | ||
| 260 | _c1996 | ||
| 350 | _a0 | ||
| 490 |
_aContract Journal _v385(6095) 3 October 1996, 16-17(2) |
||
| 520 | _aReviews interim results of a number of major contractors in the context of the effects of competition, restructuring and the market in general. | ||
| 650 | _aCONSTRUCTION MARKET | ||
| 650 | _aCONTRACTORS | ||
| 650 | _aFINANCIAL RESULTS | ||
| 650 | _aHOUSE BUILDERS | ||
| 690 | _aBUILT ENVIRONMENT | ||
| 942 | _n0 | ||
| 948 | _c04/03/1997 | ||
| 999 |
_c13266 _d13266 |
||